Comercio internacional / (Record no. 59399)

MARC details
000 -LEADER
campo de control de longitud fija 00856nam a2200253 i 4500
001 - NÚMERO DE CONTROL
campo de control 59399
003 - IDENTIFICADOR DE NÚMERO DE CONTROL
campo de control ES-MaACL
005 - FECHA Y HORA DE LA ÚLTIMA TRANSACCIÓN
campo de control 20250901105431.0
007 - CAMPO FIJO DE DESCRIPCIÓN FÍSICA--INFORMACIÓN GENERAL
campo de control de longitud fija t|
008 - DATOS DE LONGITUD FIJA--INFORMACIÓN GENERAL
campo de control de longitud fija 031029s1946 mx |||| | spa d
100 1# - ENTRADA PRINCIPAL--NOMBRE DE PERSONA
Nombre de persona Ellsworth, P. T.
9 (RLIN) 47060
245 10 - MENCIÓN DEL TÍTULO
Título Comercio internacional /
Mención de responsabilidad, etc. P.T. Ellsworth ; versión española de Javier Márquez y Victor L. Urquidi.
250 ## - MENCION DE EDICION
Mención de edición 2ª ed. en español.
260 ## - PUBLICACIÓN, DISTRIBUCIÓN, ETC.
Lugar de publicación, distribución, etc. México :
Nombre del editor, distribuidor, etc. Fondo de Cultura Económica,
Fecha de publicación, distribución, etc. 1946 (
Fabricante Gráf. Panamericana)
300 ## - DESCRIPCIÓN FÍSICA
Extensión 792 p. ;
Dimensiones 24 cm.
490 1# - MENCIÓN DE SERIE
Mención de serie Sección de obras de economía
650 07 - PUNTO DE ACCESO ADICIONAL DE MATERIA--TÉRMINO DE MATERIA
Término de materia o nombre geográfico como elemento de entrada Comercio exterior
Fuente del encabezamiento o término embne
9 (RLIN) 11168
650 04 - PUNTO DE ACCESO ADICIONAL DE MATERIA--TÉRMINO DE MATERIA
Término de materia o nombre geográfico como elemento de entrada Economía internacional.
9 (RLIN) 12028
700 1# - ENTRADA AGREGADA--NOMBRE PERSONAL
Nombre de persona Márquez, Javier.
9 (RLIN) 77005
700 1# - ENTRADA AGREGADA--NOMBRE PERSONAL
Nombre de persona Urquidi, Víctor L.
9 (RLIN) 112203
830 0# - PUNTO DE ACCESO ADICIONAL DE SERIE-TÍTULO UNIFORME
Título uniforme Sección de obras de economía
9 (RLIN) 179924
852 ## - LOCALIZACIÓN
Ubicación ES-MaACL
Número de control de estantería F-5148
Holdings
Estatus retirado Estado de pérdida Estado de daño No para préstamo Biblioteca de origen Biblioteca actual Ubicación en estantería Fecha de adquisición Fuente de adquisición Total de préstamos Signatura topográfica completa Código de barras Visto por última vez Precio de reemplazo Tipo de ítem Koha
        Biblioteca del Ateneo de Madrid Biblioteca del Ateneo de Madrid Depósito 2 17/01/2008     F-5148 1062303 23/02/2023 23/02/2023 Libro impreso